000 01210cam a2200325 a 4500
001 2569
005 20240103090920.0
020 _a9780374531553 (pbk. : alk. paper)
020 _a0374531552 (pbk. : alk. paper)
020 _a9780374100148 (alk. paper)
020 _a9780330447430
020 _a0374100144 (alk. paper)
040 _aDLC
_cDLC
_dDLC
_beng
050 0 0 _aPQ8098.12.O38
_bA12213 2008
082 0 0 _a863/.64
_222
100 1 _aBolaño, Roberto
_d1953-2003
245 1 0 _a2666 /
_cRoberto Bolaño ; translated from the Spanish by Natasha Wimmer.
246 3 _aTwo thousand six hundred sixty six
250 _aFirst published in Great Britian by Picard
260 _aLondon :
_bPicard,
_c2009
300 _a898 pages :
_c20 cm
505 _aT
520 _aAn American sportswriter, an elusive German novelist, and a teenage student interact in an urban community on the U.S.-Mexico border where hundreds of young factory workers have disappeared.
521 _a900
_bLexile estimate
521 _aT
_bRaz-Plus
650 0 _aWomen
_xCrimes against
_zMexico
_vFiction.
700 1 _aWimmer, Natasha
_eTranslator
906 _a7
_bcbc
_corignew
_d1
_eecip
_f20
_gy-gencatlg
942 _2ddc
_cBK
_n0
999 _c2569
_d2569